<?xml version="1.0" encoding="UTF-8"?>
<record
    xmlns:xsi="http://www.w3.org/2001/XMLSchema-instance"
    xsi:schemaLocation="http://www.loc.gov/MARC21/slim http://www.loc.gov/standards/marcxml/schema/MARC21slim.xsd"
    xmlns="http://www.loc.gov/MARC21/slim">

  <leader>00997nam a22002057a 4500</leader>
  <controlfield tag="005">20241223171923.0</controlfield>
  <datafield tag="010" ind1=" " ind2=" ">
    <subfield code="a">HIN-127880   HIN-129052</subfield>
  </datafield>
  <datafield tag="020" ind1=" " ind2=" ">
    <subfield code="a">9789353615222</subfield>
    <subfield code="c">350.00</subfield>
  </datafield>
  <datafield tag="035" ind1=" " ind2=" ">
    <subfield code="a">HN-100226</subfield>
  </datafield>
  <datafield tag="035" ind1=" " ind2=" ">
    <subfield code="a">HN-101398</subfield>
  </datafield>
  <datafield tag="037" ind1=" " ind2=" ">
    <subfield code="b">DBAD</subfield>
  </datafield>
  <datafield tag="082" ind1=" " ind2=" ">
    <subfield code="a">305.595415</subfield>
  </datafield>
  <datafield tag="100" ind1=" " ind2=" ">
    <subfield code="a">&#x91C;&#x932;&#x928;&#x94D;&#x927;&#x930;&#x940;, &#x92C;&#x93F;&#x939;&#x93E;&#x930;&#x940;&#x932;&#x93E;&#x932;</subfield>
    <subfield code="9">75581</subfield>
  </datafield>
  <datafield tag="245" ind1=" " ind2=" ">
    <subfield code="a">&#x909;&#x924;&#x94D;&#x924;&#x930;&#x93E;&#x916;&#x923;&#x94D;&#x921; &#x915;&#x940; &#x91C;&#x928;&#x936;&#x94D;&#x930;&#x941;&#x924;&#x93F;&#x92F;&#x93E;&#x901;:</subfield>
    <subfield code="b">&#x917;&#x922;&#x93C;&#x935;&#x93E;&#x932;-&#x915;&#x941;&#x92E;&#x93E;&#x90A;&#x902; &#x915;&#x940; &#x91C;&#x928;&#x936;&#x94D;&#x930;&#x941;&#x924;&#x93F;&#x92F;&#x94B;&#x902; &#x92A;&#x930; &#x906;&#x927;&#x93E;&#x930;&#x93F;&#x924;/</subfield>
    <subfield code="c">&#x92C;&#x93F;&#x939;&#x93E;&#x930;&#x940;&#x932;&#x93E;&#x932; &#x91C;&#x932;&#x928;&#x94D;&#x927;&#x930;&#x940;</subfield>
  </datafield>
  <datafield tag="250" ind1=" " ind2=" ">
    <subfield code="a">&#x92A;&#x94D;&#x930;&#x925;&#x92E;</subfield>
  </datafield>
  <datafield tag="260" ind1=" " ind2=" ">
    <subfield code="a">&#x928;&#x908; &#x926;&#x93F;&#x932;&#x94D;&#x932;&#x940;</subfield>
    <subfield code="b">&#x921;&#x94B;&#x932;&#x94D;&#x92B;&#x93F;&#x928; &#x92A;&#x94D;&#x930;&#x93F;&#x91F;&#x94B;&#x917;&#x94D;&#x930;&#x93E;&#x92B;&#x93F;&#x915;&#x94D;&#x938;</subfield>
    <subfield code="c">2022</subfield>
  </datafield>
  <datafield tag="270" ind1=" " ind2=" ">
    <subfield code="a">1-&#x908;/18, &#x91D;&#x902;&#x921;&#x947;&#x935;&#x93E;&#x932;&#x93E;&#x928; &#x935;&#x93F;&#x938;&#x94D;&#x924;&#x93E;&#x930;,</subfield>
    <subfield code="b">&#x928;&#x908; &#x926;&#x93F;&#x932;&#x94D;&#x932;&#x940;</subfield>
    <subfield code="e">110015</subfield>
    <subfield code="k">011-23593541</subfield>
  </datafield>
  <datafield tag="300" ind1=" " ind2=" ">
    <subfield code="a">332&#x92A;&#x943;.</subfield>
    <subfield code="c">22 &#x938;&#x947;&#x92E;&#x940;. (&#x905;&#x91C;&#x93F;&#x932;&#x94D;&#x926;)</subfield>
  </datafield>
  <datafield tag="942" ind1=" " ind2=" ">
    <subfield code="2">ddc</subfield>
    <subfield code="c">HN</subfield>
    <subfield code="h">305.595415</subfield>
    <subfield code="m">&#x91C;&#x932;&#x902;&#x927;</subfield>
  </datafield>
  <datafield tag="999" ind1=" " ind2=" ">
    <subfield code="c">203852</subfield>
    <subfield code="d">203852</subfield>
  </datafield>
  <datafield tag="952" ind1=" " ind2=" ">
    <subfield code="0">0</subfield>
    <subfield code="1">0</subfield>
    <subfield code="4">0</subfield>
    <subfield code="7">0</subfield>
    <subfield code="8">NFIC</subfield>
    <subfield code="a">CJ</subfield>
    <subfield code="b">CJ</subfield>
    <subfield code="d">2024-07-02</subfield>
    <subfield code="e">DBAD</subfield>
    <subfield code="g">350.00</subfield>
    <subfield code="l">0</subfield>
    <subfield code="o">305.595415 &#x91C;&#x932;&#x902;&#x927;</subfield>
    <subfield code="p">HN-100226</subfield>
    <subfield code="r">2024-07-02 00:00:00</subfield>
    <subfield code="t">1</subfield>
    <subfield code="v">350.00</subfield>
    <subfield code="w">2024-07-02</subfield>
    <subfield code="y">HN</subfield>
  </datafield>
  <datafield tag="952" ind1=" " ind2=" ">
    <subfield code="0">0</subfield>
    <subfield code="1">0</subfield>
    <subfield code="4">0</subfield>
    <subfield code="7">0</subfield>
    <subfield code="8">NFIC</subfield>
    <subfield code="a">RKP</subfield>
    <subfield code="b">RKP</subfield>
    <subfield code="d">2024-12-23</subfield>
    <subfield code="e">DBAD</subfield>
    <subfield code="g">350.00</subfield>
    <subfield code="l">0</subfield>
    <subfield code="o">305.595415 &#x91C;&#x932;&#x902;&#x927;</subfield>
    <subfield code="p">HN-101398</subfield>
    <subfield code="r">2024-12-23 00:00:00</subfield>
    <subfield code="t">1</subfield>
    <subfield code="v">350.00</subfield>
    <subfield code="w">2024-12-23</subfield>
    <subfield code="y">HN</subfield>
  </datafield>
</record>
